Daily U.S. State Riddle #47 - Statistics

General Stats
  • This quiz has been taken 77 times
  • The average score is 37 of 38
Answer Stats
Type Answer % Correct
Found Letter A
100%
Found Letter H
100%
Alphabet Letter I
100%
Alphabet Letter L
100%
Alphabet Letter N
100%
Found Letter O
100%
Alphabet Letter R
100%
Found Letter S
100%
Found Letter T
100%
Alphabet Letter B
98%
Alphabet Letter C
98%
Found Letter D
98%
Alphabet Letter E
98%
Alphabet Letter M
98%
Found Letter U
98%
Alphabet Letter F
97%
Found Letter K
97%
Alphabet Letter W
97%
Alphabet Letter G
95%
Alphabet Letter P
95%
Alphabet Letter V
95%
Alphabet Letter X
95%
Alphabet Letter Y
95%
Alphabet Letter J
94%
Correctly Placed Letter S
94%
Correctly Placed Letter U
94%
Correctly Placed Letter A
92%
Correctly Placed Letter A
92%
Correctly Placed Letter D
92%
Correctly Placed Letter H
92%
Correctly Placed Letter K
92%
Correctly Placed Letter O
92%
Correctly Placed Letter O
92%
Alphabet Letter Q
92%
Mystery U.S. State South Dakota
92%
Correctly Placed Letter T
92%
Correctly Placed Letter T
92%
Alphabet Letter Z
92%
No matching quizzes found
Score Distribution
Percent of People with Each Score
Percentile by Number Answered
Your Score History
You have not taken this quiz